Orientácia na vysokú kvalitu v a.s. Tatramat sa doteraz nevyprofiloval majoritný vlastník

Finančno-ekonomická analýza spoločnosti Tatramat, a.s. Poprad. História spoločnosti. Výrobný program. Orientácia spoločnosti na vysokú kvalitu. Významné exportné teritóriá. Stratégia spoločnosti. Ekonomické a finančné ukazovatele. Dividendová politika. Obchodovateľnosť akcií. Swot analýza. Štruktúra...

Ausführliche Beschreibung

Gespeichert in:
Bibliographische Detailangaben
1. Verfasser: Kukučka, Jaroslav
Format: Buch
Sprache:Slowakisch
Schlagworte:
Tags: Tag hinzufügen
Keine Tags, Fügen Sie das erste Tag hinzu!

MARC

LEADER 00000nam a2200000 4500
001 r030260
005 20251104124739.3
041 0 |a slo 
044 |a SK 
245 1 0 |a Orientácia na vysokú kvalitu  |b v a.s. Tatramat sa doteraz nevyprofiloval majoritný vlastník  |c Jaroslav Kukučka 
520 |a Finančno-ekonomická analýza spoločnosti Tatramat, a.s. Poprad. História spoločnosti. Výrobný program. Orientácia spoločnosti na vysokú kvalitu. Významné exportné teritóriá. Stratégia spoločnosti. Ekonomické a finančné ukazovatele. Dividendová politika. Obchodovateľnosť akcií. Swot analýza. Štruktúra akcionárov spoločnosti. Likvidita spoločnosti (1993-1997). 
610 2 0 |a elektrotechnika 
610 2 0 |a analýza finančná 
610 2 0 |a analýza ekonomická 
610 2 0 |a imanie vlastné 
610 2 0 |a zdroje finančné cudzie 
610 2 0 |a akcie 
610 2 0 |a likvidita 
610 2 0 |a analýza swot 
610 2 0 |a Tatramat, a.s. Poprad 
100 1 |a Kukučka, Jaroslav